MARC details
| 000 -LEADER |
| fixed length control field |
01503nam a2200289 a 4500 |
| 008 - FIXED-LENGTH DATA ELEMENTS--GENERAL INFORMATION |
| fixed length control field |
120416s1984 ||||||||||||||||| || u |
| 020 ## - INTERNATIONAL STANDARD BOOK NUMBER |
| International Standard Book Number |
0435957619 |
| 050 ## - LIBRARY OF CONGRESS CALL NUMBER |
| Classification number |
HB 2752.4 Pop |
| 100 ## - MAIN ENTRY--PERSONAL NAME |
| Personal name |
Ominde, S. H. (Simeon Hongo) |
| 245 10 - TITLE STATEMENT |
| Title |
Population and development in Kenya |
| Statement of responsibility, etc. |
edited by S. H. Ominde |
| 260 ## - PUBLICATION, DISTRIBUTION, ETC. |
| Place of publication, distribution, etc. |
Nairobi: |
| Name of publisher, distributor, etc. |
Heinemann Educational Books |
| Date of publication, distribution, etc. |
1984 |
| 300 ## - PHYSICAL DESCRIPTION |
| Extent |
ix, 129p.: ill |
| 350 ## - |
| -- |
0.00 |
| 500 ## - GENERAL NOTE |
| General note |
Includes bibliographies and index. |
| 650 ## - SUBJECT ADDED ENTRY--TOPICAL TERM |
| Topical term or geographic name entry element |
KENYA--POPULATION |
| 650 ## - SUBJECT ADDED ENTRY--TOPICAL TERM |
| Topical term or geographic name entry element |
POPULATION--KENYA |
| 650 ## - SUBJECT ADDED ENTRY--TOPICAL TERM |
| Topical term or geographic name entry element |
POPULATION FORCASTING--KENYA |
| 650 ## - SUBJECT ADDED ENTRY--TOPICAL TERM |
| Topical term or geographic name entry element |
LAND USE--KENYA |
| 650 ## - SUBJECT ADDED ENTRY--TOPICAL TERM |
| Topical term or geographic name entry element |
KENYA--ECONOMIC POLICY |
| 700 ## - ADDED ENTRY--PERSONAL NAME |
| Personal name |
Henin, R. A |
| 700 ## - ADDED ENTRY--PERSONAL NAME |
| Personal name |
Sly, David |
| 995 ## - |
| -- |
ANNEX COLLECTION (Main Library) |
| -- |
0.00 |
| -- |
720200 |
| -- |
CBU-MAIN LIBRARY (Kitwe) |
| -- |
5 |
| -- |
0.00 |
| -- |
HB 2752.4 Pop |
| -- |
5 |
| -- |
AVAILABLE |
| -- |
002603 |
| -- |
Annex Low-Usage Collection |
| 995 ## - |
| -- |
ANNEX COLLECTION (Main Library) |
| -- |
0.00 |
| -- |
720201 |
| -- |
CBU-MAIN LIBRARY (Kitwe) |
| -- |
3 |
| -- |
0.00 |
| -- |
HB 2752.4 Pop |
| -- |
3 |
| -- |
AVAILABLE |
| -- |
002602 |
| -- |
Annex Low-Usage Collection |
| 995 ## - |
| -- |
ANNEX COLLECTION (Main Library) |
| -- |
0.00 |
| -- |
720203 |
| -- |
CBU-MAIN LIBRARY (Kitwe) |
| -- |
2 |
| -- |
0.00 |
| -- |
HB 2752.4 Pop |
| -- |
2 |
| -- |
AVAILABLE |
| -- |
002601 |
| -- |
Annex Low-Usage Collection |
| 995 ## - |
| -- |
ANNEX COLLECTION (Main Library) |
| -- |
0.00 |
| -- |
720202 |
| -- |
CBU-MAIN LIBRARY (Kitwe) |
| -- |
1 |
| -- |
0.00 |
| -- |
HB 2752.4 Pop |
| -- |
1 |
| -- |
AVAILABLE |
| -- |
002600 |
| -- |
Annex Low-Usage Collection |
| 995 ## - |
| -- |
ANNEX COLLECTION (Main Library) |
| -- |
0.00 |
| -- |
720443 |
| -- |
CBU-MAIN LIBRARY (Kitwe) |
| -- |
4 |
| -- |
0.00 |
| -- |
HB 2752.4 Pop |
| -- |
4 |
| -- |
AVAILABLE |
| -- |
002604 |
| -- |
Annex Low-Usage Collection |
| 999 ## - |
| -- |
82060 |
| -- |
82060 |